[Event "World Corporate East F"]
[Site "Chess.com INT"]
[Date "2021.02.20"]
[Round "4.8"]
[White "Madsen, Per"]
[Black "Gopal, KN."]
[Result "0-1"]
[WhiteElo "1676"]
[BlackElo "2022"]
[PlyCount "45"]
[EventDate "2021.02.19"]
[EventType "team (rapid)"]
[EventRounds "7"]
[EventCountry "USA"]
[SourceTitle "EXT 2022"]
[Source "ChessBase"]
[SourceDate "2021.10.06"]
[SourceVersion "1"]
[SourceVersionDate "2021.10.06"]
[SourceQuality "1"]
[WhiteTeam "Arla Foods"]
[BlackTeam "Union Bank of India"]
[WhiteTeamCountry "DEN"]
[BlackTeamCountry "IND"]

1. c4 c5 2. g3 g6 3. Bg2 Bg7 4. Nc3 Nc6 5. d3 d6 6. e4 Nf6 7. Nge2 0-0 8. 0-0 a6 9. a3 Rb8 10. b3 b5 11. cxb5 axb5 12. Rb1 b4 13. axb4 Rxb4 14. Na4 Ba6 15. Bd2 Rb8 16. Qc2 Nd7 17. Nf4 Nd4 18. Qa2 e5 19. Nxc5 Nxc5 20. Ba5 Qd7 21. b4 Nxd3 22. Nxd3 Bxd3 23. Rfd1 0-1

[Event "World Corporate East F"]
[Site "Chess.com INT"]
[Date "2021.02.19"]
[Round "2.9"]
[White "Madsen, Per"]
[Black "Ramesh, Shanmugasundaram"]
[Result "0-1"]
[WhiteElo "1676"]
[BlackElo "1970"]
[PlyCount "48"]
[EventDate "2021.02.19"]
[EventType "team (rapid)"]
[EventRounds "7"]
[EventCountry "USA"]
[SourceTitle "EXT 2022"]
[Source "ChessBase"]
[SourceDate "2021.10.06"]
[SourceVersion "1"]
[SourceVersionDate "2021.10.06"]
[SourceQuality "1"]
[WhiteTeam "Arla Foods"]
[BlackTeam "Tata Consultancy Services Bangalore"]
[WhiteTeamCountry "DEN"]
[BlackTeamCountry "IND"]

1. c4 e5 2. g3 g6 3. Bg2 Bg7 4. Nc3 f5 5. d3 Nf6 6. e3 0-0 7. Nge2 d6 8. 0-0 Nc6 9. a3 h6 10. b4 g5 11. h3 Ne7 12. Bd2 Qe8 13. f4 Ng6 14. Rc1 Rb8 15. Nd5 Nxd5 16. Bxd5+ Be6 17. Bg2 c6 18. e4 fxe4 19. dxe4 exf4 20. Rf3 g4 21. hxg4 Bxg4 22. Rf2 f3 23. Qe1 fxg2 24. Kxg2 Qxe4+ 0-1